00936nam a2200241 a 450000100060000000300080000600500170001400800410003103500190007204000590009104100080015008200260015810000450018424500560022926000460028530000540033150400640038560000330044965100380048294200120052099900170053295201450054925720BD-RjUL20211209050922.0140319s1914 enkf 001 0 eng d a(BD-RjUL)25790 aPBmcPBmdOCoLCdMHdCStRLINdCUDdOCoLCdBD-RjULbeng aeng00a954.0290924bHIY 19141 aHill, Samuel Charles,d1857-1926.97900810aYusuf Khan :bthe rebel commandant /cby S.C. Hill. aLondon :bLongmans, Green and Co.,c1914. axii, 320 p. :bill., plates, plans, map ;c24 cm. aIncludes "Authorities referred to": p. [313]-316 and index.10aKhan, Yusuf, d-1764.979013 0aIndiaxHistoryy1500-1765.962668 2ddccBK c25720d25720 00102ddc40728NFICaRUCLbRUCLcReadingd1964-07-24eZeitlingerg30.00l0o954.0290924 HIY 1914r2014-03-19 00:00:00tC-1w2014-03-19yBK